000 01395nam a22002297a 4500
999 _c57889
_d57889
003 Ge_BSU
005 20210325141617.0
008 210325s2018 ge ||||| |||| 00| 0 geo d
041 _ageo
080 _a33 ბ-52
100 _aბერიძე, ნათია
_95440
245 _aინტერნეტ მარკეტინგის განვითარების თავისებურებები საქართველოში /
_bპრობლემები და პერსპექტივები /
_cნათია ბერიძე; სამეცნიერო ხელმძღვანელი გელა მამულაძე; ბსუ, ეკონომიკისა და ბიზნესის ფაკულტეტი.
264 _aბათუმი,
_c2018.
300 _a164 გვ.;
_bცხრ.,
_c30 სმ.
504 _aბიბლიოგრ. გვ. 146-159
653 _aინტერნეტ მომსახურება
653 _aმონოგრაფია
653 _aდისერტაცია
700 _aმამულაძე, გელა
_eსამეცნიერო ხელმძღვანელი
_910759
710 _aბსუ,
_bეკონომიკისა და ბიზნესის ფაკულტეტი.
_910751
942 _2udc
_cBK